01003cam a22002651 4500001001300000003000400013005001700017008004100034010001700075035001900092040004300111042001200154050005300166082001300219110004800232245026700280250000900547260002400556300001800580500001700598650005400615700002700669700002400696999001700720l 51000112 DLC20260227111542.0820823s1951 dcu 000 0 eng c al 51000112  a(OCoLC)8712128 aU.S. Dept. of Labor. LibrarycMBUdDLC apremarc00aLAW  a331.21541 aUnited States.bBureau of Labor Statistics.10aCost of living wage adjustments in collective bargaining;brecent developments, texts of selected escalator clauses, brief description of the Consumer's price index.c[Prepared in the Bureau's Division of Industrial Relations by Nelson M. Bortz and James C. Nix] aRev. a[Washington]c1951. a20 p.c27 cm. aCover title. 0aWagesxCost-of-living adjustmentszUnited States.1 aBortz, Nelson Markley.1 aNix, James Charles. c36737d36737